[Event "Aeroflot Open 2016 B"]
[Site "Moscu RUS"]
[Date "2016.03.02"]
[Round "2.2"]
[White "Konovalov, Nikolay"]
[Black "Rozum, Ivan"]
[Result "1/2-1/2"]
[WhiteElo "2437"]
[BlackElo "2543"]
[PlyCount "72"]
[EventDate "2016.03.01"]
[EventType "swiss"]
[EventRounds "9"]
[EventCountry "RUS"]
[Source "lmi"]
[SourceDate "2016.03.01"]

1. e4 c6 2. Nc3 d5 3. Nf3 Bg4 4. h3 Bxf3 5. Qxf3 e6 6. Be2 Nf6 7. O-O Nbd7 8.
d4 dxe4 9. Nxe4 Nxe4 10. Qxe4 Nf6 11. Qd3 Be7 12. Qg3 g6 13. Rd1 O-O 14. Bf4
Rc8 15. Qb3 Qd7 16. c4 Rfd8 17. a4 Ne4 18. Qe3 Nf6 19. Bf3 a6 20. a5 Qe8 21.
Be5 Rd7 22. b4 Qd8 23. Rab1 Ne8 24. d5 cxd5 25. cxd5 exd5 26. Bd4 Nf6 27. Qe5
Qc7 28. Qxc7 Rcxc7 29. Bxf6 Bxf6 30. Rxd5 Rxd5 31. Bxd5 Rd7 32. Bf3 Bc3 33. g3
Rd4 34. Bxb7 Rxb4 35. Rxb4 Bxb4 36. Bxa6 Bxa5 1/2-1/2

[Event "Aeroflot Open 2016 B"]
[Site "Moscu RUS"]
[Date "2016.03.02"]
[Round "2.3"]
[White "Wang, Chen"]
[Black "Harutyunian, Tigran K"]
[Result "1/2-1/2"]
[WhiteElo "2526"]
[BlackElo "2426"]
[PlyCount "47"]
[EventDate "2016.03.01"]
[EventType "swiss"]
[EventRounds "9"]
[EventCountry "RUS"]
[Source "lmi"]
[SourceDate "2016.03.01"]

1. e4 e5 2. Nf3 Nc6 3. Bb5 Nf6 4. d3 Bc5 5. Bxc6 dxc6 6. O-O Nd7 7. Nbd2 O-O 8.
Nc4 Re8 9. Be3 Bd6 10. a4 c5 11. Kh1 Nf8 12. Qd2 Bg4 13. Ng1 Ne6 14. f3 Bh5 15.
Ne2 f6 16. Rf2 Qd7 17. b3 b6 18. Rg1 Bf7 19. g4 Nf8 20. Ng3 Bxc4 21. dxc4 Ne6
22. Rd1 Rad8 23. Qe1 Qf7 24. Rd3 1/2-1/2

[Event "Aeroflot Open 2016 B"]
[Site "Moscu RUS"]
[Date "2016.03.02"]
[Round "2.4"]
[White "Sagar, Shah"]
[Black "Gordievsky, Dmitry"]
[Result "0-1"]
[WhiteElo "2425"]
[BlackElo "2524"]
[PlyCount "88"]
[EventDate "2016.03.01"]
[EventType "swiss"]
[EventRounds "9"]
[EventCountry "RUS"]
[Source "lmi"]
[SourceDate "2016.03.01"]

1. e4 c5 2. Nf3 d6 3. Bb5+ Bd7 4. Bxd7+ Qxd7 5. c4 Nf6 6. Nc3 g6 7. d4 cxd4 8.
Nxd4 Bg7 9. f3 O-O 10. Be3 Rc8 11. b3 Nc6 12. O-O Qd8 13. Qd2 Nd7 14. Nde2 a6
15. Rab1 Rab8 16. a4 Qf8 17. Rfc1 a5 18. Nd5 Nc5 19. Nd4 Rd8 20. Rd1 e6 21. Nc3
h6 22. Ndb5 f5 23. exf5 gxf5 24. Bf4 Ne5 25. Nxd6 b6 26. Ncb5 Ned3 27. Kh1 Rd7
28. Be3 Rbd8 29. Bxc5 Nxc5 30. b4 axb4 31. Qxb4 Be5 32. a5 Bxd6 33. Nxd6 Rxd6
34. Rxd6 Qxd6 35. axb6 Qd1+ 36. Qe1 Qxe1+ 37. Rxe1 Rb8 38. Rb1 Nd7 39. g4 Rxb6
40. Rd1 Nf6 41. gxf5 exf5 42. Kg2 Rb2+ 43. Kg3 Nh5+ 44. Kh3 Rf2 0-1

[Event "Aeroflot Open 2016 B"]
[Site "Moscu RUS"]
[Date "2016.03.02"]
[Round "2.5"]
[White "Gabrielian, Artur"]
[Black "Tsydypov, Zhamsaran"]
[Result "1-0"]
[WhiteElo "2512"]
[BlackElo "2425"]
[PlyCount "139"]
[EventDate "2016.03.01"]
[EventType "swiss"]
[EventRounds "9"]
[EventCountry "RUS"]
[Source "lmi"]
[SourceDate "2016.03.01"]

1. e4 c6 2. d3 e5 3. f4 exf4 4. Bxf4 Qf6 5. Qc1 d5 6. exd5 cxd5 7. Nf3 Nc6 8.
Be2 Bd6 9. Bg5 Qg6 10. Nc3 Nge7 11. Nb5 Bb8 12. Qe3 h6 13. Bf4 O-O 14. Bxb8
Rxb8 15. O-O-O Nf5 16. Qf2 Re8 17. Rde1 Qf6 18. Bd1 Rxe1 19. Rxe1 d4 20. Re8+
Kh7 21. Nd2 a6 22. Bg4 Nfe7 23. Qxf6 gxf6 24. Bxc8 Rxc8 25. Rxc8 Nxc8 26. Nc7
Kg6 27. Nd5 Nd6 28. Nf3 Nf5 29. Nf4+ Kh7 30. Kd2 Ne5 31. Ng1 Ne3 32. Nge2 Ng6
33. Nh5 Nh4 34. Nxd4 Nhxg2 35. Nxf6+ Kg6 36. Nd7 h5 37. Ke2 h4 38. Kf3 f5 39.
Ne5+ Kg5 40. c4 h3 41. Ke2 Ng4 42. Nef3+ Kf6 43. Nc2 Nf4+ 44. Kd2 Ne6 45. Nce1
f4 46. d4 Nxd4 47. Nxd4 Nxh2 48. Ke2 Ng4 49. Kf1 Ne3+ 50. Kg1 Nxc4 51. b3 Nd2
52. Nd3 f3 53. Kh2 f2 54. Nxf2 Ke5 55. Ne2 a5 56. Kxh3 b5 57. Nd1 Kd5 58. Nb2
Kc5 59. Nd3+ Kd5 60. Kg2 a4 61. bxa4 bxa4 62. Kf2 Kc4 63. Ndc1 Nb3 64. Ke1 Kb4
65. Kd1 Ka3 66. Kc2 Na1+ 67. Kb1 Nb3 68. Nc3 Nd2+ 69. Kc2 Nb3 70. Nxb3 1-0

[Event "Aeroflot Open 2016 B"]
[Site "Moscu RUS"]
[Date "2016.03.02"]
[Round "2.6"]
[White "Paravyan, David"]
[Black "Oganian, Miran"]
[Result "1-0"]
[WhiteElo "2506"]
[BlackElo "2422"]
[PlyCount "111"]
[EventDate "2016.03.01"]
[EventType "swiss"]
[EventRounds "9"]
[EventCountry "RUS"]
[Source "lmi"]
[SourceDate "2016.03.01"]

1. e4 c5 2. Nf3 g6 3. d4 cxd4 4. Nxd4 Bg7 5. c4 Nc6 6. Be3 Nf6 7. Nc3 O-O 8.
Be2 b6 9. O-O Bb7 10. f3 e6 11. Qd2 d5 12. Nxc6 Bxc6 13. cxd5 exd5 14. e5 Ne8
15. f4 f6 16. exf6 Nxf6 17. Rad1 Qe7 18. Bf3 Rad8 19. Bd4 Ne4 20. Qe3 Qb4 21.
f5 Rde8 22. Bxe4 dxe4 23. f6 Bh8 24. f7+ Rxf7 25. Rxf7 Kxf7 26. Bxh8 Rxh8 27.
Qf4+ Ke6 28. Ne2 Rf8 29. Qc7 Bb5 30. Nf4+ Rxf4 31. Qxf4 Qc5+ 32. Qf2 e3 33. Re1
e2 34. Qxc5 bxc5 35. Kf2 Kd5 36. Ke3 Bc4 37. a3 a5 38. Rc1 a4 39. Kd2 Kd4 40.
Rc3 Bd5 41. g4 Be6 42. Rg3 Ke4 43. Kxe2 Kf4 44. g5 Bg4+ 45. Kf2 c4 46. h4 Bf5
47. Rf3+ Kg4 48. Ke3 Kxh4 49. Kf4 Bd3 50. Re3 Bf5 51. Re7 Kh3 52. Rxh7+ Kg2 53.
Ke5 Bd3 54. Ra7 Bc2 55. Kd4 Kf3 56. Kc3 1-0

[Event "Aeroflot Open 2016 B"]
[Site "Moscu RUS"]
[Date "2016.03.02"]
[Round "2.7"]
[White "Lugovskoy, Maxim"]
[Black "Savitskiy, Sergey"]
[Result "1-0"]
[WhiteElo "2499"]
[BlackElo "2407"]
[PlyCount "137"]
[EventDate "2016.03.01"]
[EventType "swiss"]
[EventRounds "9"]
[EventCountry "RUS"]
[Source "lmi"]
[SourceDate "2016.03.01"]

1. e4 c5 2. Nf3 d6 3. Bb5+ Bd7 4. Bxd7+ Nxd7 5. O-O Ngf6 6. Qe2 g6 7. c3 e5 8.
d4 cxd4 9. cxd4 Bg7 10. dxe5 dxe5 11. Nc3 O-O 12. Rd1 Re8 13. Bg5 Qb8 14. Nb5
a6 15. Bxf6 Nxf6 16. Nd6 Re7 17. Rac1 Qf8 18. Nc4 Rae8 19. Nb6 h6 20. h4 Re6
21. Nd7 Nxd7 22. Rxd7 R6e7 23. Rcc7 Rxd7 24. Rxd7 Re7 25. Rd5 Rc7 26. Qd2 Qe7
27. g3 Qe6 28. Kg2 f5 29. Rd6 Qf7 30. Rxg6 Qxg6 31. Qd8+ Kh7 32. Qxc7 fxe4 33.
Ne1 e3 34. fxe3 Qe4+ 35. Kf2 Qf5+ 36. Kg1 Qg4 37. Qxb7 Qxg3+ 38. Ng2 Qg6 39.
Kh2 e4 40. Nf4 Qf5 41. b3 h5 42. Qe7 a5 43. Qe6 Qxe6 44. Nxe6 Bc3 45. Ng5+ Kg6
46. Nxe4 Be1 47. Ng3 Kf6 48. Kg2 Ke5 49. Kf3 Kd5 50. Nxh5 Bxh4 51. Nf4+ Ke5 52.
Nd3+ Kd5 53. Ke2 Be7 54. Nb2 Kc5 55. Nd3+ Kd5 56. Kd2 Bf6 57. Nf4+ Kc5 58. a3
Kb5 59. Nd5 Bb2 60. Nc3+ Kc6 61. a4 Kc5 62. Kc2 Ba1 63. Ne4+ Kb4 64. Nf2 Kc5
65. Nd3+ Kd5 66. Nb2 Ke4 67. Kb1 Bxb2 68. Kxb2 Kxe3 69. Kc3 1-0

[Event "Aeroflot Open 2016 B"]
[Site "Moscu RUS"]
[Date "2016.03.02"]
[Round "2.8"]
[White "Abhishek, Kelkar"]
[Black "Evdokimov, Alexander A"]
[Result "1-0"]
[WhiteElo "2375"]
[BlackElo "2490"]
[PlyCount "105"]
[EventDate "2016.03.01"]
[EventType "swiss"]
[EventRounds "9"]
[EventCountry "RUS"]
[Source "lmi"]
[SourceDate "2016.03.01"]

1. d4 Nf6 2. c4 e6 3. Nf3 c5 4. d5 exd5 5. cxd5 d6 6. Nc3 g6 7. Bf4 a6 8. a4
Bg7 9. h3 O-O 10. e3 Re8 11. Be2 Ne4 12. Nxe4 Rxe4 13. O-O Re8 14. Nd2 Qc7 15.
Nc4 Bf8 16. a5 Nd7 17. Qa4 Nf6 18. Nb6 Rb8 19. Rac1 Bd7 20. Qa3 Qd8 21. b4 cxb4
22. Qxb4 Bf5 23. Qa3 h6 24. Rfd1 g5 25. Bh2 Qe7 26. Nc4 Rbd8 27. f3 Bg6 28. Bd3
Bxd3 29. Rxd3 Rd7 30. Rb1 Red8 31. e4 Nh5 32. Ne3 Qf6 33. Nf5 Rc8 34. Qb2 Qd8
35. Rc3 Rxc3 36. Qxc3 Rc7 37. Qd2 Rc5 38. g4 Nf6 39. Rxb7 Rxa5 40. Qb2 Rc5 41.
Rb8 Rc1+ 42. Kg2 Rc2+ 43. Kh1 Qc7 44. Rxf8+ Kxf8 45. Qxf6 Rc1+ 46. Kg2 Rc2+ 47.
Kg3 Ke8 48. Nxd6+ Kd7 49. e5 Qc3 50. Qxf7+ Kd8 51. Qe8+ Kc7 52. Qc8+ Kb6 53.
Bg1+ 1-0

[Event "Aeroflot Open 2016 B"]
[Site "Moscu RUS"]
[Date "2016.03.02"]
[Round "2.9"]
[White "Kanter, Eduard"]
[Black "Moskalenko, Alexander"]
[Result "1-0"]
[WhiteElo "2353"]
[BlackElo "2475"]
[PlyCount "95"]
[EventDate "2016.03.01"]
[EventType "swiss"]
[EventRounds "9"]
[EventCountry "RUS"]
[Source "lmi"]
[SourceDate "2016.03.01"]

1. d4 d5 2. c4 e6 3. Nf3 Nf6 4. Nc3 dxc4 5. g3 Bd7 6. Ne5 Bc6 7. f3 Nbd7 8.
Nxc4 Bb4 9. e4 O-O 10. Be3 Qe7 11. Qc2 b5 12. Nd2 a6 13. Nb3 a5 14. a3 a4 15.
Nd2 Ba5 16. Nxb5 Bxb5 17. Bxb5 c5 18. dxc5 Rfc8 19. c6 Bb6 20. Bxb6 Nxb6 21.
Rc1 Ra5 22. Be2 Qa7 23. Qc3 Nbd5 24. exd5 Nxd5 25. Qd3 Rc5 26. Rxc5 Qxc5 27.
Qc4 Qa7 28. Qa6 Qxa6 29. Bxa6 Rxc6 30. Be2 Rc2 31. Ne4 Rxb2 32. Kf2 Ra2 33. Rc1
g6 34. Nc3 Rxa3 35. Nxd5 exd5 36. Rd1 Rc3 37. Rxd5 a3 38. Ra5 h5 39. h4 Kg7 40.
Bd1 Rc1 41. Ke2 Ra1 42. Bb3 f6 43. Ra7+ Kh6 44. Be6 Rg1 45. Rxa3 g5 46. Kf2 Rh1
47. hxg5+ fxg5 48. Bf5 1-0

[Event "Aeroflot Open 2016 B"]
[Site "Moscu RUS"]
[Date "2016.03.02"]
[Round "2.10"]
[White "Gevorgyan, David Sh"]
[Black "Vavulin, Maksim"]
[Result "1-0"]
[WhiteElo "2346"]
[BlackElo "2456"]
[PlyCount "111"]
[EventDate "2016.03.01"]
[EventType "swiss"]
[EventRounds "9"]
[EventCountry "RUS"]
[Source "lmi"]
[SourceDate "2016.03.01"]

1. d4 g6 2. e4 Bg7 3. Nf3 d6 4. Nc3 a6 5. a4 Nd7 6. Bc4 e6 7. O-O Ne7 8. Be3 h6
9. Qd2 Nf6 10. Rfe1 g5 11. Qe2 Ng6 12. Rad1 O-O 13. Bd3 Nd7 14. h3 Qf6 15. Qd2
Qe7 16. Ne2 Rd8 17. Ng3 Ndf8 18. Nh5 Bh8 19. Bc4 Bd7 20. a5 Be8 21. Nh2 f6 22.
f4 Nh4 23. Ng3 Bf7 24. Ng4 Bg7 25. Rf1 Nh7 26. f5 exf5 27. Bxf7+ Qxf7 28. exf5
Re8 29. d5 h5 30. Nh2 Re7 31. c4 Rae8 32. Rde1 c6 33. Bf2 cxd5 34. Rxe7 Rxe7
35. Qxd5 Qxd5 36. cxd5 Re5 37. Rd1 Nxf5 38. Nf3 h4 39. Nxe5 hxg3 40. Nc4 gxf2+
41. Kxf2 Bf8 42. Rd3 Ne7 43. Nxd6 Ng6 44. Nxb7 Ne5 45. Rc3 f5 46. Rc6 Nd3+ 47.
Ke3 Nb4 48. Kd4 Bg7+ 49. Kc5 Nxc6 50. dxc6 Be5 51. Nd6 Nf6 52. c7 Ne4+ 53. Kd5
Nxd6 54. Kxe5 Nc8 55. Ke6 Na7 56. Kd7 1-0

[Event "Aeroflot Open 2016 B"]
[Site "Moscu RUS"]
[Date "2016.03.02"]
[Round "2.11"]
[White "Pustovoitova, Daria"]
[Black "Girya, Olga"]
[Result "1/2-1/2"]
[WhiteElo "2337"]
[BlackElo "2452"]
[PlyCount "79"]
[EventDate "2016.03.01"]
[EventType "swiss"]
[EventRounds "9"]
[EventCountry "RUS"]
[Source "lmi"]
[SourceDate "2016.03.01"]

1. Nf3 d5 2. e3 Nf6 3. c4 c6 4. Qc2 g6 5. b3 Bg7 6. Bb2 O-O 7. Be2 Bf5 8. d3
Na6 9. cxd5 cxd5 10. O-O Nb4 11. Qd2 Nc6 12. Rc1 Rc8 13. Qd1 Re8 14. d4 Ne4 15.
Nc3 Nxc3 16. Rxc3 Qd6 17. Rac1 Rc7 18. h3 Rec8 19. Qd2 Be4 20. Ng5 Bf5 21. Nf3
h6 22. Qd1 Nb4 23. Rxc7 Rxc7 24. a3 Nc6 25. b4 Nb8 26. Nd2 Rxc1 27. Qxc1 Qc6
28. Qxc6 Nxc6 29. Bb5 Bd7 30. Kf1 Kf8 31. Be2 Ke8 32. Ke1 e6 33. Nb3 b6 34. b5
Nd8 35. a4 Bf8 36. Bc3 Nb7 37. f3 Nd6 38. Bd3 Bc8 39. Nd2 h5 40. Ke2 1/2-1/2

[Event "Aeroflot Open 2016 B"]
[Site "Moscu RUS"]
[Date "2016.03.02"]
[Round "2.12"]
[White "Diermair, Andreas"]
[Black "Bashirli, Nail"]
[Result "1-0"]
[WhiteElo "2450"]
[BlackElo "2332"]
[PlyCount "183"]
[EventDate "2016.03.01"]
[EventType "swiss"]
[EventRounds "9"]
[EventCountry "RUS"]
[Source "lmi"]
[SourceDate "2016.03.01"]

1. d4 Nf6 2. c4 e6 3. Nc3 Bb4 4. e3 c5 5. Bd3 Nc6 6. Nge2 b6 7. O-O O-O 8. a3
Bxc3 9. Nxc3 d5 10. cxd5 exd5 11. dxc5 bxc5 12. b3 Ne5 13. Bb2 Rb8 14. Be2 Re8
15. Na4 c4 16. bxc4 Nxc4 17. Bxc4 dxc4 18. Qxd8 Rxd8 19. Bxf6 gxf6 20. Rfc1 Be6
21. Kf1 Rb5 22. Nc3 Rb2 23. Ra2 Rxa2 24. Nxa2 Bf5 25. Ke1 Be6 26. Nc3 Kg7 27.
Ne2 Rb8 28. Nd4 Bd5 29. f3 Kg6 30. e4 Be6 31. Kd2 Rb2+ 32. Rc2 Rb1 33. Ke3 Rg1
34. Rc3 h5 35. h4 f5 36. e5 Re1+ 37. Kf4 Rh1 38. g3 Ra1 39. Ke3 Re1+ 40. Kf4
Ra1 41. Nc6 Rb1 42. Ke3 Rb5 43. f4 Bd7 44. Nd4 Ra5 45. Nc2 Be6 46. Nd4 Bd5 47.
Nf3 Rb5 48. Kd4 Be6 49. Ng5 Bd5 50. Rc1 f6 51. exf6 Kxf6 52. Re1 Bg8 53. Re3
Rb1 54. Nf3 Rd1+ 55. Kc3 a5 56. Nd2 Rc1+ 57. Kb2 Rg1 58. Kc3 Be6 59. Kd4 Rd1
60. Kc3 Bf7 61. Kc2 Rg1 62. Kc3 Be6 63. Kd4 Rd1 64. Kc3 Rc1+ 65. Kb2 Rh1 66.
Kc3 Rg1 67. Kd4 Rd1 68. Kc3 Bg8 69. Kc2 Rg1 70. Kc3 Bf7 71. Kd4 Rd1 72. Kc3 Be6
73. Kc2 Rg1 74. Kc3 Ke7 75. Nxc4 Rc1+ 76. Kd3 a4 77. Nb2 Kd6 78. Nxa4 Ra1 79.
Kc2 Rg1 80. Nc3 Bc4 81. Nb1 Kd5 82. Nd2 Rg2 83. Kc3 Ba2 84. a4 Kc5 85. Nb3+ Kb6
86. Kd4 Rb2 87. Nc1 Bf7 88. Ke5 Rc2 89. Ne2 Rc5+ 90. Kf6 Bd5 91. Rc3 Bc4 92.
Nd4 1-0

[Event "Aeroflot Open 2016 B"]
[Site "Moscu RUS"]
[Date "2016.03.02"]
[Round "2.13"]
[White "Iljin, Timofey"]
[Black "Schreiner, Peter"]
[Result "1-0"]
[WhiteElo "2330"]
[BlackElo "2446"]
[PlyCount "87"]
[EventDate "2016.03.01"]
[EventType "swiss"]
[EventRounds "9"]
[EventCountry "RUS"]
[Source "lmi"]
[SourceDate "2016.03.01"]

1. d4 Nf6 2. c4 g6 3. Nc3 Bg7 4. e4 d6 5. Nf3 O-O 6. Be2 e5 7. O-O Nc6 8. d5
Ne7 9. b4 a5 10. Ba3 axb4 11. Bxb4 b6 12. a4 Re8 13. a5 c5 14. dxc6 Nxc6 15.
Bxd6 Nd4 16. Nxd4 exd4 17. Nb5 Nxe4 18. Bc7 Qh4 19. g3 Qf6 20. Bxb6 Ng5 21.
Nxd4 Bb7 22. f3 Rad8 23. Ra2 Ne6 24. Bxd8 Rxd8 25. a6 Ba8 26. Nxe6 Rxd1 27.
Rxd1 fxe6 28. Rad2 Bf8 29. Rd8 Bc6 30. a7 Kg7 31. a8=Q Bc5+ 32. Kf1 Bxa8 33.
Rxa8 Qc3 34. Ra2 Qb3 35. Rad2 Qe3 36. Kg2 Qf2+ 37. Kh3 h5 38. f4 Kh6 39. Bxh5
Qe3 40. Re2 Qb3 41. Rxe6 Kxh5 42. Rd5+ Kh6 43. Rxc5 Qd1 44. Rg5 1-0

[Event "Aeroflot Open 2016 B"]
[Site "Moscu RUS"]
[Date "2016.03.02"]
[Round "2.14"]
[White "Venkatesh, M.R."]
[Black "Yuan, Ye"]
[Result "1-0"]
[WhiteElo "2443"]
[BlackElo "2140"]
[PlyCount "79"]
[EventDate "2016.03.01"]
[EventType "swiss"]
[EventRounds "9"]
[EventCountry "RUS"]
[Source "lmi"]
[SourceDate "2016.03.01"]

1. e4 c5 2. Nf3 e6 3. d3 Nc6 4. g3 d5 5. Nbd2 Bd6 6. Bg2 Nge7 7. O-O O-O 8. Re1
b6 9. h4 Bb7 10. h5 h6 11. e5 Bc7 12. Nf1 Nf5 13. c3 d4 14. c4 a6 15. N1h2 b5
16. g4 Nh4 17. Nxh4 Qxh4 18. Bf4 Qe7 19. Rc1 Na5 20. Bxb7 Nxb7 21. Qf3 Na5 22.
Qg2 Kh8 23. cxb5 axb5 24. g5 hxg5 25. Bxg5 f6 26. Bh4 Qf7 27. Rxc5 Bxe5 28. Nf3
Bd6 29. Rxb5 Qd7 30. a4 Nc6 31. Qg4 Ne5 32. Nxe5 Bxe5 33. Qe4 Rxa4 34. Rb7 Qe8
35. f4 Bd6 36. h6 Rg8 37. Kf2 f5 38. Qf3 Qg6 39. hxg7+ Kh7 40. Rh1 1-0

[Event "Aeroflot Open 2016 B"]
[Site "Moscu RUS"]
[Date "2016.03.02"]
[Round "2.15"]
[White "Spichkin, Alexander"]
[Black "Dvalishvili, Pavel S"]
[Result "0-1"]
[WhiteElo "2130"]
[BlackElo "2442"]
[PlyCount "120"]
[EventDate "2016.03.01"]
[EventType "swiss"]
[EventRounds "9"]
[EventCountry "RUS"]
[Source "lmi"]
[SourceDate "2016.03.01"]

1. d4 Nf6 2. Bf4 d6 3. Nf3 c5 4. dxc5 Qa5+ 5. Nc3 Qxc5 6. e4 Bg4 7. h3 Bxf3 8.
Qxf3 Nbd7 9. Bb5 a6 10. Bxd7+ Nxd7 11. O-O-O Qc6 12. Rhe1 Rc8 13. Qe2 g6 14.
Nd5 Bg7 15. Kb1 h6 16. c4 g5 17. Be3 Qxc4 18. Qxc4 Rxc4 19. Rc1 Ne5 20. Rxc4
Nxc4 21. Rc1 b5 22. Nb6 Nxb6 23. Bxb6 Kd7 24. Rc7+ Ke6 25. b4 h5 26. Kc2 g4 27.
h4 Rb8 28. Be3 Ra8 29. Bb6 Bf6 30. g3 d5 31. exd5+ Kxd5 32. Kd3 Ke6 33. Rc6+
Kf5 34. Rc7 Rd8+ 35. Ke2 Bd4 36. Ba7 Bxa7 37. Rxa7 Rd4 38. a3 Re4+ 39. Kd3 Re6
40. Ra8 Rd6+ 41. Ke3 Rc6 42. Kd3 Rf6 43. Ke3 Ke5 44. Ra7 Rf3+ 45. Ke2 Rxa3 46.
Rxe7+ Kf6 47. Rc7 Kg6 48. Rc5 f6 49. Rd5 Ra4 50. Rd6 Kf5 51. Rc6 Rxb4 52. Rxa6
Re4+ 53. Kd3 Re6 54. Ra5 Rb6 55. Kd4 Rb8 56. Kc3 Ke4 57. Ra6 f5 58. Rh6 b4+ 59.
Kb3 Kf3 60. Rxh5 Rf8 0-1

[Event "Aeroflot Open 2016 B"]
[Site "Moscu RUS"]
[Date "2016.03.02"]
[Round "2.16"]
[White "Chigaev, Maksim"]
[Black "Lomasov, Semen"]
[Result "1-0"]
[WhiteElo "2543"]
[BlackElo "2350"]
[PlyCount "89"]
[EventDate "2016.03.01"]
[EventType "swiss"]
[EventRounds "9"]
[EventCountry "RUS"]
[Source "lmi"]
[SourceDate "2016.03.01"]

1. Nf3 Nf6 2. g3 g6 3. Bg2 Bg7 4. O-O c5 5. d3 O-O 6. e4 Nc6 7. Nc3 d6 8. h3
Ne8 9. Ne2 e5 10. a3 Nc7 11. Rb1 Ne6 12. Nc3 b6 13. b4 Ncd4 14. Nd2 Ba6 15. Nd5
Nc7 16. Ne3 Qd7 17. Ndc4 Rad8 18. c3 Nde6 19. a4 Bb7 20. Nd5 Nxd5 21. exd5 Nc7
22. Ne3 cxb4 23. Rxb4 f5 24. c4 Na6 25. Rb1 Nc5 26. a5 f4 27. Ng4 fxg3 28. fxg3
Rxf1+ 29. Qxf1 Rf8 30. Qe2 bxa5 31. Ba3 Qc7 32. d4 Nd7 33. c5 dxc5 34. dxc5 Rb8
35. d6 Qc8 36. Rxb7 Rxb7 37. Qc4+ Kh8 38. Bxb7 Qxb7 39. c6 Qb1+ 40. Bc1 Qb6+
41. Be3 Qb1+ 42. Qf1 Qb8 43. cxd7 Qxd6 44. Qf7 Qd1+ 45. Kh2 1-0

[Event "Aeroflot Open 2016 B"]
[Site "Moscu RUS"]
[Date "2016.03.02"]
[Round "2.17"]
[White "Wang, Jue"]
[Black "Deviatkin, Andrei"]
[Result "1-0"]
[WhiteElo "2369"]
[BlackElo "2528"]
[PlyCount "91"]
[EventDate "2016.03.01"]
[EventType "swiss"]
[EventRounds "9"]
[EventCountry "RUS"]
[Source "lmi"]
[SourceDate "2016.03.01"]

1. e4 c6 2. d4 d5 3. e5 Bf5 4. Nf3 e6 5. Be2 Nd7 6. O-O Ne7 7. Nbd2 Nc8 8. Nb3
a5 9. a4 Ncb6 10. Ne1 h5 11. Bd3 Bxd3 12. Nxd3 g6 13. Qe2 Be7 14. c3 Qb8 15.
Be3 Nc4 16. Nd2 b5 17. b3 Nxd2 18. Qxd2 Ra7 19. Qc2 O-O 20. axb5 cxb5 21. f4
Rc8 22. f5 exf5 23. Nf4 Bg5 24. Nxd5 Qb7 25. Bxg5 Qxd5 26. Qd2 Qxb3 27. d5 Rac7
28. Rfe1 Qxc3 29. Qxc3 Rxc3 30. Rxa5 R3c5 31. d6 Rxe5 32. Rxe5 Nxe5 33. Rxb5
Nd7 34. Rb7 f6 35. Bh4 Ne5 36. d7 Rd8 37. Bxf6 Rxd7 38. Rb8+ Kf7 39. Bxe5 g5
40. Rb6 Rd5 41. Bf6 f4 42. h4 Rd1+ 43. Kf2 g4 44. Bg5 g3+ 45. Ke2 Rg1 46. Bxf4
1-0

[Event "Aeroflot Open 2016 B"]
[Site "Moscu RUS"]
[Date "2016.03.02"]
[Round "2.18"]
[White "Soumya, Swaminathan"]
[Black "Rogozenco, Dorian"]
[Result "0-1"]
[WhiteElo "2384"]
[BlackElo "2500"]
[PlyCount "50"]
[EventDate "2016.03.01"]
[EventType "swiss"]
[EventRounds "9"]
[EventCountry "RUS"]
[Source "lmi"]
[SourceDate "2016.03.01"]

1. e4 d6 2. d4 Nf6 3. Nc3 e5 4. Nf3 Nbd7 5. Bc4 Be7 6. O-O O-O 7. a4 c6 8. Ba2
b6 9. h3 a6 10. Qe2 Bb7 11. Rd1 Qc7 12. Nh4 exd4 13. Rxd4 g6 14. Bf4 b5 15.
Rad1 Ne5 16. Bh6 Rfe8 17. f4 Ned7 18. Qf3 c5 19. R4d3 b4 20. Qg3 c4 21. Rd4 Nh5
22. Qg4 Ndf6 23. Qf3 bxc3 24. g4 Nxe4 25. Rxe4 Bxh4 0-1

[Event "Aeroflot Open 2016 B"]
[Site "Moscu RUS"]
[Date "2016.03.02"]
[Round "2.19"]
[White "Strelnikov, Sergey"]
[Black "Pavlovic, Milos"]
[Result "0-1"]
[WhiteElo "2349"]
[BlackElo "2494"]
[PlyCount "62"]
[EventDate "2016.03.01"]
[EventType "swiss"]
[EventRounds "9"]
[EventCountry "RUS"]
[Source "lmi"]
[SourceDate "2016.03.01"]

1. d4 Nf6 2. c4 g6 3. Nc3 Bg7 4. e4 d6 5. h3 O-O 6. Be3 e5 7. d5 Na6 8. Bd3 Nd7
9. g4 Ndc5 10. Bb1 f5 11. gxf5 gxf5 12. exf5 Bxf5 13. Bxf5 Rxf5 14. Qg4 Qf6 15.
O-O-O Kh8 16. Kb1 h5 17. Qg2 Bh6 18. Bxh6 Rg8 19. Qf1 Rxf2 20. Qe1 Rgg2 21.
Nge2 Qxh6 22. a3 Qg6+ 23. Ka2 Ne4 24. Rb1 Nac5 25. Rf1 Nd3 26. Qd1 Nxc3+ 27.
Nxc3 Nxb2 28. Qb3 Nd1+ 29. Rxf2 Rxf2+ 30. Ka1 Nxc3 31. Qxc3 b6 0-1

[Event "Aeroflot Open 2016 B"]
[Site "Moscu RUS"]
[Date "2016.03.02"]
[Round "2.20"]
[White "Demidov, Mikhail"]
[Black "Slavin, Alexey"]
[Result "1-0"]
[WhiteElo "2490"]
[BlackElo "2384"]
[PlyCount "83"]
[EventDate "2016.03.01"]
[EventType "swiss"]
[EventRounds "9"]
[EventCountry "RUS"]
[Source "lmi"]
[SourceDate "2016.03.01"]

1. d4 Nf6 2. Nf3 b6 3. c4 e6 4. e3 Bb4+ 5. Nbd2 Bb7 6. Bd3 O-O 7. O-O c5 8. a3
Bxd2 9. Bxd2 Ne4 10. Be1 d6 11. Nd2 Nf6 12. dxc5 dxc5 13. Qe2 e5 14. f4 Nbd7
15. f5 e4 16. Bc2 Qe7 17. Bh4 Qe5 18. Rab1 h6 19. Bg3 Qe7 20. Rbd1 Ne5 21. Bh4
Ned7 22. Nb1 Rad8 23. Nc3 g5 24. fxg6 fxg6 25. Nb5 a6 26. Nd6 Bc6 27. b4 Qe6
28. Rd2 cxb4 29. axb4 a5 30. bxa5 bxa5 31. Nb5 Bb7 32. Rfd1 g5 33. Bg3 Rc8 34.
Rd6 Qf7 35. Rxd7 Nxd7 36. Nd6 Qe7 37. Nxb7 Rf6 38. Qg4 Re6 39. c5 Nf6 40. Qf5
Rec6 41. Bd6 Qxb7 42. Qxf6 1-0

[Event "Aeroflot Open 2016 B"]
[Site "Moscu RUS"]
[Date "2016.03.02"]
[Round "2.21"]
[White "Abdulov, Orkhan"]
[Black "Kharchenko, Boris"]
[Result "1/2-1/2"]
[WhiteElo "2354"]
[BlackElo "2488"]
[PlyCount "57"]
[EventDate "2016.03.01"]
[EventType "swiss"]
[EventRounds "9"]
[EventCountry "RUS"]
[Source "lmi"]
[SourceDate "2016.03.01"]

1. e4 e5 2. Nf3 Nc6 3. Nc3 Nf6 4. Bb5 Bb4 5. O-O O-O 6. d3 d6 7. Bg5 Ne7 8. Nh4
Bxc3 9. bxc3 Ng6 10. Nxg6 fxg6 11. Bc4+ Kh8 12. f4 h6 13. fxe5 hxg5 14. exf6
gxf6 15. Qd2 Kg7 16. Rf2 Qe7 17. d4 Bd7 18. Raf1 Rae8 19. e5 dxe5 20. dxe5 f5
21. e6 Bc6 22. Qd4+ Qf6 23. Re2 Rh8 24. Re3 Rh4 25. Qc5 Qe7 26. Qe5+ Qf6 27.
Qc5 Qe7 28. Qe5+ Qf6 29. Qxc7+ 1/2-1/2

[Event "Aeroflot Open 2016 B"]
[Site "Moscu RUS"]
[Date "2016.03.02"]
[Round "2.22"]
[White "Praggnanandhaa, R."]
[Black "Potapov, Pavel"]
[Result "0-1"]
[WhiteElo "2339"]
[BlackElo "2486"]
[PlyCount "84"]
[EventDate "2016.03.01"]
[EventType "swiss"]
[EventRounds "9"]
[EventCountry "RUS"]
[Source "lmi"]
[SourceDate "2016.03.01"]

1. e4 d5 2. exd5 Qxd5 3. Nc3 Qd6 4. d4 Nf6 5. Nf3 g6 6. Nb5 Qb6 7. Na3 Be6 8.
Bd3 Bg7 9. O-O O-O 10. c3 Nbd7 11. Ng5 Bg4 12. f3 Bf5 13. Nc4 Qc6 14. Bxf5 gxf5
15. Ne3 e6 16. Qe1 Rfe8 17. Qh4 Nf8 18. Qf2 Ng6 19. Bd2 Rad8 20. Rfe1 Qa6 21.
Nf1 Nd5 22. f4 h6 23. Nf3 Ndxf4 24. Bxf4 Nxf4 25. Ne5 Bxe5 26. Rxe5 Ng6 27. Re3
f4 28. Rh3 Kg7 29. Re1 Qxa2 30. g3 e5 31. dxe5 Qe6 32. Kg2 Rd3 33. Nd2 Rxd2 34.
Qxd2 f3+ 35. Kxf3 Qxh3 36. Qd4 Qf5+ 37. Kg2 Rxe5 38. Rxe5 Nxe5 39. Qxa7 Qe4+
40. Kf2 Ng4+ 41. Kg1 Qe3+ 42. Qxe3 Nxe3 0-1